[Event "ZI-2010-0-00810"]
[Site "LSS email"]
[Date "2010.10.21"]
[Round "?"]
[White "Dray, Steve"]
[Black "Pons, Francisco"]
[Result "1-0"]
[WhiteElo "1595"]
[BlackElo "1348"]
[PlyCount "55"]
[EventDate "2010.10.10"]
[EventType "match (corr)"]
[EventRounds "2"]
[EventCountry "GER"]
[SourceTitle "Telechess CBM 145"]
[Source "Chessbase"]
[SourceDate "2011.11.11"]
[SourceVersion "1"]
[SourceVersionDate "2011.11.11"]
[SourceQuality "1"]

1. d4 Nf6 2. Nf3 d5 3. Nc3 e6 4. Bf4 Bd6 5. e3 Bxf4 6. exf4 0-0 7. Bd3 c6 8. 0-0 Nbd7 9. g3 h6 10. Re1 c5 11. Rb1 Qe7 12. Qd2 cxd4 13. Nb5 b6 14. Ne5 Nxe5 15. fxe5 Nd7 16. Nxd4 Bb7 17. b4 Rac8 18. f4 Nb8 19. f5 exf5 20. Nxf5 Qe6 21. Qf4 Nd7 22. Nd6 Rb8 23. Bf5 Qe7 24. e6 fxe6 25. Rxe6 Qd8 26. Rg6 Nf6 27. Qxh6 Qe7 28. Be6+ 1-0

[Event "ZI-2010-0-00810"]
[Site "LSS email"]
[Date "2010.10.21"]
[Round "?"]
[White "Pons, Francisco"]
[Black "Dray, Steve"]
[Result "0-1"]
[WhiteElo "1348"]
[BlackElo "1595"]
[PlyCount "50"]
[EventDate "2010.10.10"]
[EventType "match (corr)"]
[EventRounds "2"]
[EventCountry "GER"]
[SourceTitle "Telechess CBM 145"]
[Source "Chessbase"]
[SourceDate "2011.11.11"]
[SourceVersion "1"]
[SourceVersionDate "2011.11.11"]
[SourceQuality "1"]

1. e4 e5 2. Nf3 Nc6 3. d4 exd4 4. Nxd4 Nf6 5. Nxc6 bxc6 6. e5 Qe7 7. Qe2 Nd5 8. c4 Nb6 9. b3 a5 10. Ba3 Qe6 11. Bxf8 Kxf8 12. Nd2 a4 13. Rd1 h5 14. Nf3 h4 15. Qe3 Qe7 16. Be2 h3 17. g3 Bb7 18. 0-0 Kg8 19. Rfe1 Rh5 20. Nh4 Rxe5 21. Qd3 Re8 22. Nf5 Qf6 23. Ne3 c5 24. Bf1 Qc6 25. Nd5 Rxe1 0-1

[Event "OP-2010-0-01290"]
[Site "LSS email"]
[Date "2010.10.18"]
[Round "?"]
[White "Vasquez, Gerardo"]
[Black "Dray, Steve"]
[Result "1-0"]
[WhiteElo "1645"]
[BlackElo "1561"]
[PlyCount "111"]
[EventDate "2010.10.13"]
[EventType "tourn (corr)"]
[EventRounds "4"]
[EventCountry "GER"]
[SourceTitle "Telechess CBM 145"]
[Source "Chessbase"]
[SourceDate "2011.11.11"]
[SourceVersion "1"]
[SourceVersionDate "2011.11.11"]
[SourceQuality "1"]

1. e4 e5 2. Nf3 Nc6 3. Bb5 Nd4 4. Nxd4 exd4 5. 0-0 Bc5 6. Qg4 Nf6 7. Qg5 Qe7 8. e5 Nd5 9. Qxg7 Qf8 10. Qxf8+ Bxf8 11. Bc4 Nb6 12. Bb3 d5 13. exd6 Bxd6 14. Re1+ Be6 15. Bxe6 fxe6 16. Rxe6+ Kd7 17. Re4 Rae8 18. d3 Rxe4 19. dxe4 Re8 20. Nd2 a5 21. a3 c5 22. g3 c4 23. f3 Bc5 24. Kf1 a4 25. Ke1 Kc6 26. Ke2 Kb5 27. Rb1 Nd5 28. f4 Ne3 29. c3 Re6 30. cxd4 Bxd4 31. Nf3 Nf5 32. Ng5 Re8 33. Kf3 Ng7 34. f5 Kc6 35. g4 h5 36. h3 Re7 37. Be3 Be5 38. Bf4 Bd4 39. Rc1 b5 40. Rc2 Bf6 41. Rd2 hxg4+ 42. hxg4 Rd7 43. Rxd7 Kxd7 44. e5 Bxg5 45. Bxg5 b4 46. axb4 c3 47. bxc3 a3 48. Bc1 a2 49. Bb2 Ne8 50. Ke4 Ke7 51. b5 Nc7 52. b6 Na6 53. Kd4 Nb8 54. g5 Nd7 55. b7 Nb8 56. g6 1-0

[Event "LSS SC-2010-0-00074"]
[Site "LSS email"]
[Date "2010.09.21"]
[Round "?"]
[White "Dray, Steve"]
[Black "Batres Bianchi, Luis Carlos"]
[Result "1-0"]
[WhiteElo "1561"]
[BlackElo "1407"]
[PlyCount "59"]
[EventDate "2010.08.16"]
[EventType "tourn (corr)"]
[EventRounds "6"]
[EventCountry "GER"]
[SourceTitle "Telechess CBM 147"]
[Source "ChessBase"]
[SourceDate "2012.03.16"]
[SourceVersion "1"]
[SourceVersionDate "2012.03.16"]
[SourceQuality "1"]

1. f4 Nf6 2. Nf3 b6 3. e3 Bb7 4. Be2 d5 5. 0-0 e6 6. Nc3 Bb4 7. a3 Bxc3 8. bxc3 0-0 9. Bb2 c5 10. c4 Nbd7 11. cxd5 Nxd5 12. c4 N5f6 13. a4 Qc7 14. a5 Rfd8 15. d3 Ng4 16. Qd2 e5 17. h3 Nxe3 18. Qxe3 exf4 19. Qd2 Re8 20. a6 Bc6 21. d4 cxd4 22. Nxd4 Be4 23. Rxf4 Nc5 24. Nb5 Qc6 25. Nd6 Rad8 26. Bh5 Re7 27. Bxf7+ Rxf7 28. Rxf7 Ne6 29. Qc3 Rxd6 30. Rxg7+ 1-0

[Event "LSS SC-2010-0-00074"]
[Site "LSS email"]
[Date "2010.09.19"]
[Round "?"]
[White "Dray, Steve"]
[Black "Zasinets, Dima"]
[Result "0-1"]
[WhiteElo "1561"]
[BlackElo "1732"]
[PlyCount "76"]
[EventDate "2010.08.16"]
[EventType "tourn (corr)"]
[EventRounds "6"]
[EventCountry "GER"]
[SourceTitle "Telechess CBM 147"]
[Source "ChessBase"]
[SourceDate "2012.03.16"]
[SourceVersion "1"]
[SourceVersionDate "2012.03.16"]
[SourceQuality "1"]

1. f4 d5 2. Nf3 Nf6 3. e3 g6 4. Be2 Bg7 5. c4 0-0 6. Nc3 c5 7. cxd5 Nxd5 8. 0-0 Nc6 9. Ng5 h6 10. Nge4 b6 11. Qa4 Bb7 12. f5 e6 13. fxg6 fxg6 14. Rxf8+ Qxf8 15. d3 Qe7 16. Bd2 Ne5 17. Rd1 Rf8 18. Qb3 Nxc3 19. Nxc3 c4 20. dxc4 Bxg2 21. Be1 Bf3 22. c5 Qg5+ 23. Bg3 Qxe3+ 24. Bf2 Qg5+ 25. Bg3 Rf5 26. Qxe6+ Kh7 27. Bxf3 Qe3+ 28. Kh1 Qxf3+ 29. Kg1 Bf8 30. b4 bxc5 31. Bxe5 Bg7 32. Qxf5 Qxf5 33. Bxg7 cxb4 34. Ne2 Kxg7 35. Rd4 a5 36. h4 h5 37. Rd2 Qf3 38. Rb2 Kf8 0-1

[Event "LSS SC-2010-0-00074"]
[Site "LSS email"]
[Date "2010.09.19"]
[Round "?"]
[White "Pott, Brian"]
[Black "Dray, Steve"]
[Result "1/2-1/2"]
[WhiteElo "1661"]
[BlackElo "1619"]
[PlyCount "49"]
[EventDate "2010.08.16"]
[EventType "tourn (corr)"]
[EventRounds "6"]
[EventCountry "GER"]
[SourceTitle "Telechess CBM 143"]
[Source "ChessBase"]
[SourceDate "2011.07.15"]
[SourceVersion "1"]
[SourceVersionDate "2011.07.15"]
[SourceQuality "1"]

1. e4 e5 2. Nf3 Nc6 3. Bc4 Bc5 4. b4 Bxb4 5. c3 Ba5 6. Qb3 Qe7 7. d4 exd4 8. 0-0 Bb6 9. cxd4 Nxd4 10. Nxd4 Bxd4 11. Nc3 Nf6 12. Ba3 d6 13. Bxf7+ Kd8 14. Bb2 Rf8 15. Bc4 Ng4 16. Be2 Nxf2 17. Nb5 Bxb2 18. Qxb2 c6 19. Nxa7 Be6 20. Rab1 Qc7 21. Qd4 b5 22. Nxc6+ Qxc6 23. Rxf2 Rxf2 24. Qxf2 Qc5 25. Rxb5 1/2-1/2

[Event "LSS BI-2010-P-00007"]
[Site "LSS email"]
[Date "2010.04.19"]
[Round "?"]
[White "Dray, Steve"]
[Black "Korchut, Adam"]
[Result "0-1"]
[WhiteElo "1614"]
[BlackElo "2000"]
[PlyCount "124"]
[EventDate "2010.04.22"]
[EventType "tourn (corr)"]
[EventRounds "10"]
[EventCountry "GER"]
[SourceTitle "Telechess CBM 141"]
[Source "ChessBase"]
[SourceDate "2011.03.17"]
[SourceVersion "1"]
[SourceVersionDate "2011.03.17"]
[SourceQuality "1"]

1. f4 d5 2. Nf3 Nf6 3. e3 g6 4. Nc3 Bg7 5. d4 0-0 6. Be2 c5 7. dxc5 Qa5 8. 0-0 Qxc5 9. Qd4 Qxd4 10. exd4 Bf5 11. Ne5 Nc6 12. g4 Bxc2 13. Be3 Be4 14. Rac1 Rfd8 15. g5 Ne8 16. Bb5 Nb8 17. Ba4 Nd6 18. Rfd1 Na6 19. Bb3 Kf8 20. Bf2 f6 21. gxf6 exf6 22. Nd3 Bf3 23. Re1 Ne4 24. Nb5 Nd2 25. Bd1 Be4 26. Nc5 Nxc5 27. dxc5 f5 28. Bd4 Rd7 29. Be2 Bh6 30. Be3 Nf3+ 31. Bxf3 Bxf3 32. Kf2 Be4 33. b3 Rad8 34. Bd4 Bxf4 35. c6 Bxc1 36. cxd7 Bf4 37. Bxa7 Bxh2 38. Bc5+ Kg8 39. Re3 f4 40. Rh3 Bg3+ 41. Rxg3 fxg3+ 42. Kxg3 Rxd7 43. a4 g5 44. Be3 h6 45. Nd4 Rc7 46. Bd2 Kf7 47. Kf2 Kg6 48. Ke2 h5 49. Bb4 h4 50. Ke3 h3 51. Bd6 Rc3+ 52. Kf2 Rd3 53. Ne2 Rxb3 54. Bc7 Rf3+ 55. Ke1 Bd3 56. Nd4 Rf1+ 57. Kd2 Be4 58. Ne2 Rf2 59. Ke3 h2 60. Bxh2 Rxh2 61. Ng3 Rh3 62. Kf2 Rxg3 0-1

[Event "LSS BI-2010-P-00007"]
[Site "LSS email"]
[Date "2010.04.19"]
[Round "?"]
[White "Lindstrom, Timothy"]
[Black "Dray, Steve"]
[Result "0-1"]
[WhiteElo "1501"]
[BlackElo "1582"]
[PlyCount "54"]
[EventDate "2010.04.22"]
[EventType "tourn (corr)"]
[EventRounds "10"]
[EventCountry "GER"]
[SourceTitle "Telechess CBM 141"]
[Source "ChessBase"]
[SourceDate "2011.03.17"]
[SourceVersion "1"]
[SourceVersionDate "2011.03.17"]
[SourceQuality "1"]

1. c4 e5 2. Nc3 Nf6 3. g3 Nc6 4. Bg2 Bc5 5. e3 0-0 6. Nf3 d5 7. cxd5 Nxd5 8. d4 exd4 9. exd4 Re8+ 10. Ne2 Bb4+ 11. Bd2 Qe7 12. Kf1 Bg4 13. Qe1 Qf6 14. Ne5 Nxe5 15. dxe5 Rxe5 16. Bxb4 Rxe2 17. Bxd5 Rxe1+ 18. Rxe1 Qd4 19. Bxb7 Bh3+ 20. Bg2 Qd5 21. Bxh3 Qxh1+ 22. Ke2 Re8+ 23. Kd1 Qd5+ 24. Bd2 Rd8 25. Re2 Qd3 26. Bd7 Qxd7 27. Ke1 Qd5 0-1

[Event "OP-2010-0-01131"]
[Site "LSS email"]
[Date "2010.04.08"]
[Round "?"]
[White "Dray, Steve"]
[Black "Kubat, Slavko"]
[Result "1-0"]
[WhiteElo "1617"]
[BlackElo "1900"]
[PlyCount "87"]
[EventDate "2010.04.04"]
[EventType "tourn (corr)"]
[EventRounds "4"]
[EventCountry "GER"]
[SourceTitle "Telechess CBM 141"]
[Source "ChessBase"]
[SourceDate "2011.03.17"]
[SourceVersion "1"]
[SourceVersionDate "2011.03.17"]
[SourceQuality "1"]

1. d4 Nf6 2. Nf3 d5 3. c4 c6 4. e3 Bf5 5. cxd5 cxd5 6. Nc3 Nc6 7. Qb3 Rb8 8. Nh4 Bd7 9. Nf3 e6 10. Bd3 Be7 11. 0-0 Na5 12. Qd1 b5 13. a3 Nc4 14. b3 Nd6 15. Ne5 Qb6 16. Qf3 Bc6 17. Bb2 Nfe4 18. Rfc1 0-0 19. Nxc6 Qxc6 20. Nxe4 dxe4 21. Rxc6 exf3 22. gxf3 Rb7 23. b4 g6 24. Rac1 Rfb8 25. Kg2 Kf8 26. e4 Ke8 27. R1c2 Kd7 28. d5 Bd8 29. Be5 Bc7 30. Bg3 exd5 31. R6c5 Ne8 32. Rxd5+ Ke7 33. e5 a6 34. Be4 Ra7 35. Rcd2 Bb6 36. e6 Rc8 37. Rd7+ Kxe6 38. R2d6+ Nxd6 39. Rxd6+ Ke7 40. Rxb6 Rc3 41. Bb8 Rd7 42. Be5 Rc8 43. Rxa6 f5 44. Bc6 1-0